00531nai a2200157Ia 4500003000900000008004100009022002300050022002200073040001600095245003100111260003400142310001900176362002500195521006900220856008400289IN-BaIIA211028c9999 xx s 000 0 eng d a1099-095X (Online) a1180-4009 (Print) cIIA Library 0aEnvironmetricsh[eJournal] aNew JerseybJohn Wiley & Sons aSemi-Quarterly a7(1); 1996 - Present bSubscribed through National Knowledge Resource Consortium (NKRC) uhttps://onlinelibrary.wiley.com/journal/1099095xyClick Here to Access eJournal